Statistics for The G.O.A.T.s of Rap

Click here to take the quiz!

General Stats

  • This quiz has been taken 97 times
  • The average score is 7 of 30

Answer Stats

Answer% Correct
Eminem
86%
2pac
83%
The Notorious B.I.G.
74%
Ice Cube
64%
Jay Z
63%
Nas
49%
Kanye West
47%
Lil Wayne
41%
LL Cool J
19%
Rakim
18%
DMX
15%
Andre 3000
13%
Big Punisher
11%
Busta Rhymes
9%
Mos Def
9%
Redman
9%
Chuck D
8%
Common
8%
Big L
7%
GZA
7%
KRS One
7%
Ghostface Killah
6%
Big Daddy Kane
5%
Lauryn Hill
5%
Raekwon
5%
Talib Kweli
5%
Black Thought
3%
Slick Rick
3%
Scarface
1%
Kool G. Rap
0%

Score Distribution

Percentile by Number Answered

Percent of People with Each Score

Your Score History

You have not taken this quiz